000 00586nmm a2200193Ia 4500
008 251105s9999||||xx |||||||||||||||||und||
020 _a9789876991506
041 _aspa
100 _aForés Miravalles, Anna
245 0 _aAcción social 2.0 : para crear, compartir y reinventar
264 _a[Buenos Aires, Argentina] :
_bEduvim,
_c2015
300 _a104 páginas
490 _aJQKA
650 _aSocial Sciences (General)
700 _aForés Miravalles, Anna
700 1 _a Martínez Rivera, Óscar
856 _uhttps://public.digitaliapublishing.com/a/41038
942 _cCF
999 _c65575
_d65575